000 00460nam a2200145 a 4500
001 000033600
005 20200930070357.0
008 110901s1885 fr 000 0 fre d
040 _aDO-SdBNP
_bspa
_cBNPHU
082 _axxx
_bR811h
100 1 _aRoselly de Lorgues
_cComte
_d1805-1898
_959086
245 1 0 _aHistoire posthume de Christophe Colomb /
_cRoselly de Lorgues.
260 _aParis :
_bÉmile Perrin, Libraire-éditeur,
_c1885.
300 _a457 p. ;
_c23 cm.
999 _c33091
_d33091